000 01105nam0a2200313 4500
001 RU\NLR\BIBL_A\016299076
005 20250625032058.0
035 _a(NLR Aleph) 016299076
090 _a12968027
_c12968027
100 _a20061204d1901 |||y0rusy50 ca
101 0 _arus
102 _aRU
105 _ay z |||y|
181 0 _ai
_baxxe
182 0 _an
200 1 _aМнение профессора Чермака по 19-му вопросу
203 _aТекст
_bвизуальный
_cнепосредственный
210 _aЮрьев
_cТип. Шнакенбург
_d[1901]
215 _a[1] с.
_d24
309 _aБез тит. л. и обл.
333 _aНа правах рукописи
606 1 _aСравнительная анатомия
_xУчебные кабинеты
_xОборудование
_92546509
_3RU\NLR\AUTH\6601720501
686 3 _aЧ488.96(28)-492.3
700 1 _aЧермак
_bН. К.
_f1856-1903
_gНиколай Карлович
852 _aNLR
_j34.83.7.277
942 _cBOOK
980 _aNB